00529nam a22001817a 450000500170000000800410001702000180005804000210007604100080009708200160010510000340012124500720015525000110022726000410023830000100027965000320028970000260032120240220114225.0240220b ||||| |||| 00| 0 eng d a9789360782399 aIN-DiNCcIN-DiNC dasm a370.54bBAR aBarua, Jahnabi Lahkareauthor aBharatiya sikshar itihas/cby Jahnabi Lahkar Barua and Utpal Kalita a1st ed aGuwahati:bAshok publication,c2024. a152p. aHistory of Indian education aKalita, Utpaleauthor